1284 1855 1544 1081 1964 1083 1994 1005 1399 1242 1687 1863 1057 1940 1156 1194 1449 1932 1888 1073 1771 1322 1646 2000 1110 1001 1432 1733 1137 1543 1596 1734 1787 1038 1678 1526 1267 1211 1175 1959 1454 1084 1824 1375 1488 1255 1656 1129 1654 1118 1278 1781 1492 1459 1204 1955 1377 1543 1855 1162 1837 1427 1406 1937 1723 1393 1699 1547 1166 1859 1423 1027 1851 1001 1489 1047 1581 1820 1030 1047 1811 1755 1614 1701 1308 1150 1371 1532 1750 1927 1697 1565 1449 1264 1140 1232 1752 1461 1289 BCNSPRNW ULIB Ver.6.0+V

เปลี่ยนเป็นภาษาไทย

Change to English
 แสดงรายละเอียดบรรณานุกรม
  กลับหน้าหลัก

Brief Record : Get Marc (ISO 2709) : E-mail record : QR code < ปิดหน้าต่าง
LEADER : 00000nam 2200000uu 4500
001    13399110927
003     ULIB
008    110613s||||||||th 000 0 tha d
020    9749183320
050  4 AC158^bอ311ด 2004
100    อแมนดา โอนิลล์
245    เด็กๆรู้ไหมทำไมงูลอกคราบ^cผู้แต่ง อแมนดา โอนิลล์
260    กรุงเทพฯ : ^bโกรเลียร์ อินเตอร์เนชั่นแนล, ^c2004
300    32 หน้า : ^bภาพประกอบสี ; ^c28 ซม.
650  7 ความรู้รอบตัว
650  7 งู
650  7 คราบงู
945    ^p350^l0^i029036
995    ทศพร
999 ^a ใช้งานได้ทุกระบบ
รายการนี้ยังไม่มีแท็ก
คุณยังไม่ได้ล็อกอิน คุณสามารถมีกิจกรรมร่วมกับเว็บไซต์ได้ แต่ต้องล็อกอินก่อน ::
  ล็อกอิน

รายการสื่อสารสนเทศ

ลำดับที่ ประเภท เลขเรียก/บาร์โค้ด สถานที่ สถานะ
- ไม่พบข้อมูล -

รายการใกล้เคียง
    ผู้แต่ง [อแมนดา โอนิลล์]

    หัวเรื่อง [ความรู้รอบตัว]
    หัวเรื่อง [งู]

BibComment


ยังไม่เคยถูกคอมเมนท์

คอมเมนท์ทรัพยากรรายการนี้
  คอมเมนท์: เด็กๆรู้ไหมทำไมงู..


 Copyright 2026. Bcnsprnw @Library